HANDBOOK OF ASSET AND LIABILITY MANAGEMENT VOLUME 2 (Record no. 27238)

MARC details
000 -LEADER
fixed length control field 00361nam a2200133Ia 4500
008 - FIXED-LENGTH DATA ELEMENTS--GENERAL INFORMATION
fixed length control field 240624s9999 xx 000 0 und d
041 ## - LANGUAGE CODE
Language code of text/sound track or separate title eng
082 ## - DEWEY DECIMAL CLASSIFICATION NUMBER
Classification number 658.155 ZEN
100 ## - MAIN ENTRY--PERSONAL NAME
Personal name ZENIOS S A
245 ## - TITLE STATEMENT
Title HANDBOOK OF ASSET AND LIABILITY MANAGEMENT VOLUME 2
260 ## - PUBLICATION, DISTRIBUTION, ETC.
Date of publication, distribution, etc. 2007
Place of publication, distribution, etc. London
Name of publisher, distributor, etc. North Holland
300 ## - PHYSICAL DESCRIPTION
Extent xxiv, , 1147 , 24 : p. : cm.
365 ## - TRADE PRICE
Currency code
Price amount 50
Holdings
Withdrawn status Lost status Damaged status Not for loan Home library Current library Shelving location Date acquired Source of acquisition Cost, normal purchase price Full call number Barcode Date last seen Copy number Price effective from Koha item type
        IMTN IMTN Rack 25-B 04/25/2016 BKI 185.00 658.155 ZEN 27238 06/24/2024 70.7 06/24/2024 Books
Designed & Maintained by: LRC IMT Nagpur Contact: lrc@imtnag.ac.in© 2024. All Rights Reserved.